Educación inclusiva en las aulas
Guardat en:
| Autor principal: | |
|---|---|
| Format: | Llibre |
| Publicat: |
Madrid, España:
La Muralla, S.A.,
2017.
|
| Col·lecció: | Colección Aula Abierta
|
| Matèries: | |
| Etiquetes: |
Afegir etiqueta
Sense etiquetes, Sigues el primer a etiquetar aquest registre!
|
MARC
| LEADER | 00000nam a22000007a 4500 | ||
|---|---|---|---|
| 003 | CL-VaPUC | ||
| 005 | 20250321101941.0 | ||
| 008 | 250131t2017 ||||| |||| 00| 0 eng d | ||
| 999 | |c 446989 |d 446987 | ||
| 020 | |a 978-84-7133-828-0 | ||
| 040 | |c Pontificia Universidad Católica de Valparaíso | ||
| 082 | |2 22 |a 371.904 CAS 2017 | ||
| 100 | |a Casanova Rodríguez, María Antonia |e autora |9 896109 | ||
| 245 | |a Educación inclusiva en las aulas | ||
| 260 | |a Madrid, España: |b La Muralla, S.A., |c 2017. | ||
| 300 | |a 406 páginas. | ||
| 490 | |a Colección Aula Abierta | ||
| 500 | |a c.1 -c.2. Instituto Arcos 8-1-2025. | ||
| 583 | |c 20230706 |k GC | ||
| 650 | 0 | |9 560584 |a Educación inclusiva |x Necesidades educativas especiales | |
| 650 | 0 | |9 560584 |a Educación inclusiva |x Modelo curricular y organizativo |x Formación de profesores | |
| 942 | |2 ddc |c BK |n 0 | ||
| 952 | |0 0 |1 0 |2 ddc |4 0 |6 371_904000000000000_CAS_2017 |7 0 |8 A |9 600328 |a BIBINC |b BIBINC |d 2025-01-31 |e Instituto Arcos |i 5665238 |o 371.904 CAS 2017 |p 5665238 |r 2025-01-31 |t 1 |w 2025-01-31 |y BK |k IFP | ||
| 952 | |0 0 |1 0 |2 ddc |4 0 |6 371_904000000000000_CAS_2017 |7 0 |8 A |9 600329 |a BIBINC |b BIBINC |d 2025-01-31 |e Instituto Arcos |i 5665239 |o 371.904 CAS 2017 |p 5665239 |r 2025-01-31 |t 2 |w 2025-01-31 |y BK |k IFP | ||